[Event "Chessable Masters Final 8"]
[Site "chess24.com INT"]
[Date "2020.07.01"]
[Round "2.23"]
[White "Giri, A"]
[Black "Nepomniachtchi, I"]
[Result "1/2-1/2"]
[WhiteElo "2764"]
[BlackElo "2784"]
[EventDate "2020.06.25"]
[WhiteTitle "GM"]
[BlackTitle "GM"]
[WhiteFideId "24116068"]
[BlackFideId "4168119"]

1.d4 Nf6 2.c4 e6 3.Nf3 d5 4.Nc3 c5 5.cxd5 Nxd5 6.e4 Nxc3 7.bxc3 cxd4 8.
cxd4 Bb4+ 9.Bd2 Bxd2+ 10.Qxd2 O-O 11.Rd1 b6 12.Bd3 Ba6 13.Bxa6 Nxa6 14.O-O
Rc8 15.Qe2 Nb8 16.d5 exd5 17.Rxd5 Qc7 18.Nd4 Qc4 19.Qg4 Rc5 20.Nf5 g6 21.
Rxc5 Qxc5 22.Qg5 f6 23.Qg3 Nc6 24.Qb3+ Kh8 25.Ne3 Kg7 26.h3 Re8 27.Qb1 Qb4
28.Qxb4 Nxb4 29.Rd1 Kf7 30.f3 Nxa2 31.Ra1 Nc3 32.Rxa7+ Re7 33.Ra3 Ne2+ 34.
Kf2 Nf4 35.Rb3 Re6 36.Kg3 Ne2+ 37.Kh2 Nf4 38.g3 Ne2 39.Kg2 Rc6 40.Kf2 Nd4 
41.Rd3 Nc2 42.Rd7+ Ke6 43.Rxh7 Nxe3 44.Kxe3 g5 45.h4 Rc3+ 46.Ke2 g4 47.
fxg4 Rxg3 48.Rg7 Ke5 49.Kf2 Rh3 50.h5 Kf4 51.Kg2 Rh4 52.e5 fxe5 53.Rg6 b5 
54.h6 b4 55.Rb6 e4 56.Rf6+ Kxg4 57.Kf2 Rh3 58.Rb6 Kf4 59.Rf6+ Ke5 60.Rb6 
Kf4 61.Rf6+ Kg5 62.Rb6 b3 63.h7 Rxh7 64.Rxb3 Kf4 65.Ke2 Rh2+ 66.Ke1 e3 67.
Rb8 1/2-1/2

[Event "Chessable Masters Final 8"]
[Site "chess24.com INT"]
[Date "2020.06.25"]
[Round "1.12"]
[White "Caruana, F"]
[Black "Carlsen, M"]
[Result "0-1"]
[WhiteElo "2835"]
[BlackElo "2863"]
[EventDate "2020.06.25"]
[WhiteTitle "GM"]
[BlackTitle "GM"]
[WhiteFideId "2020009"]
[BlackFideId "1503014"]

1.e4 e5 2.Nf3 Nc6 3.Bc4 Bc5 4.c3 Nf6 5.d3 d6 6.a4 a5 7.O-O h6 8.Re1 O-O 9.
h3 Be6 10.Bb5 Na7 11.d4 exd4 12.cxd4 Nxb5 13.dxc5 Na7 14.cxd6 Qxd6 15.Qxd6
cxd6 16.Nc3 Nc6 17.Bf4 d5 18.e5 Ne4 19.Nxe4 dxe4 20.Rxe4 Rfd8 21.Rc1 Rd3 
22.Re3 Rad8 23.Rxd3 Rxd3 24.Be3 Rb3 25.Nd4 Nxd4 26.Bxd4 Rb4 27.Bc3 Rxa4 
28.g4 b5 29.Kg2 b4 30.Bd4 b3 31.Bc3 Ra2 32.Rd1 a4 33.Kf3 a3 34.Rd2 axb2 
35.Bxb2 g5 36.Ke3 Kh7 37.f4 gxf4+ 38.Kxf4 Kg6 39.h4 h5 40.gxh5+ Kxh5 41.
Rh2 Ra4+ 42.Ke3 Kg4 43.h5 Kg3 44.Rh1 Kg2 45.Rd1 Rh4 46.Rd2+ Kg3 47.Rd8 
Rxh5 48.Rg8+ Kh3 49.Kd2 Rf5 50.Bd4 Rf3 51.Be3 f5 52.Re8 f4 53.Bd4 Bc4 54.
Kc1 Rd3 55.Ba7 Rc3+ 56.Kb1 Rc2 57.Rc8 Kg4 58.Rc6 Bd3 59.Rxc2 bxc2+ 60.Kc1 
Kf5 61.Bb8 f3 62.Ba7 Kxe5 63.Kd2 Kf4 64.Be3+ Kg3 0-1

[Event "Chessable Masters Final 8"]
[Site "chess24.com INT"]
[Date "2020.07.03"]
[Round "3.11"]
[White "Giri, A"]
[Black "Carlsen, M"]
[Result "1/2-1/2"]
[WhiteElo "2764"]
[BlackElo "2863"]
[EventDate "2020.06.25"]
[WhiteTitle "GM"]
[BlackTitle "GM"]
[WhiteFideId "24116068"]
[BlackFideId "1503014"]

1.d4 d5 2.c4 e6 3.Nf3 c6 4.Nbd2 Nf6 5.g3 Be7 6.Bg2 O-O 7.O-O b6 8.Qc2 Bb7 
9.e4 Na6 10.e5 Nd7 11.a3 Nc7 12.cxd5 Nxd5 13.Ne4 h6 14.g4 c5 15.g5 cxd4 
16.gxh6 g6 17.Neg5 Rc8 18.Qd1 Ba6 19.Re1 d3 20.h4 Nc5 21.Nd4 Nf4 22.Bxf4 
Qxd4 23.Qg4 d2 24.Red1 Nd3 25.Ne4 Nxf4 26.Qxf4 Qxb2 27.Rab1 Qc2 28.Nf6+ 
Kh8 29.Be4 Bd3 30.Bxd3 Qxd3 31.Qxd2 Qxd2 32.Rxd2 Rc7 33.Rbd1 Bxf6 34.exf6 
Kh7 35.Rd8 Rxd8 36.Rxd8 a5 37.Kg2 e5 38.Rf8 b5 39.Rb8 b4 40.axb4 axb4 41.
Rxb4 Rc6 42.Re4 Re6 43.Kg3 Kxh6 44.f3 g5 45.hxg5+ Kxg5 46.f4+ exf4+ 47.
Rxf4 Re3+ 48.Rf3 Rxf3+ 49.Kxf3 Kxf6 50.Kf4 Kg6 51.Kg4 Kf6 52.Kf4 Kg6 53.
Kg4 Kf6 54.Kf4 1/2-1/2

[Event "Chessable Masters Final 8"]
[Site "chess24.com INT"]
[Date "2020.07.02"]
[Round "2.35"]
[White "Nepomniachtchi, I"]
[Black "Giri, A"]
[Result "1/2-1/2"]
[WhiteElo "2784"]
[BlackElo "2764"]
[EventDate "2020.06.25"]
[WhiteTitle "GM"]
[BlackTitle "GM"]
[WhiteFideId "4168119"]
[BlackFideId "24116068"]

1.Nf3 d5 2.e3 Nf6 3.c4 c6 4.Nc3 e6 5.b3 Bd6 6.Bb2 O-O 7.Be2 e5 8.cxd5 cxd5
9.Nb5 Nc6 10.Nxd6 Qxd6 11.d4 e4 12.Ne5 Nd7 13.Nxc6 bxc6 14.O-O Re8 15.Rc1 
a5 16.Rc3 Re6 17.f4 exf3 18.Bxf3 Nf6 19.Qc1 a4 20.Ba3 Qd7 21.Rf2 axb3 22.
Rxb3 Ba6 23.Rfb2 Ree8 24.Bc5 Bc4 25.Ra3 Rxa3 26.Bxa3 h5 27.Bb4 Ra8 28.a3 
Qf5 29.Rf2 Ne4 30.Qc2 Qe6 31.Bxe4 dxe4 32.Rf4 Bd5 33.Qf2 f6 34.Qg3 Qf7 35.
Rf1 Bc4 36.Rc1 Bd5 37.h3 Kh7 38.Rb1 Qg6 39.Qf4 Ra4 40.Kf2 Be6 41.Rb2 Ra7 
42.Rc2 Bd5 43.Kg1 Rd7 44.Kh2 Rb7 45.Rc5 Rb5 46.Rc3 Qh6 47.Qd6 Qg5 48.Qg3 
Qxg3+ 49.Kxg3 g5 50.h4 Kg6 51.Rc2 Rb7 52.Rf2 Rf7 53.Rf1 Rb7 54.Rf2 Be6 55.
Rc2 Bd5 56.Rc5 Rb5 57.Rc1 Rb7 58.Rf1 Be6 59.Rf2 Bd5 60.Rc2 Kf5 61.Rb2 Kg6 
62.Rb1 Ba2 63.Ra1 Bd5 64.Rc1 Kf5 65.Rc2 Kg6 1/2-1/2

[Event "Chessable Masters Final 8"]
[Site "chess24.com INT"]
[Date "2020.06.27"]
[Round "1.23"]
[White "Artemiev, V"]
[Black "Nepomniachtchi, I"]
[Result "0-1"]
[WhiteElo "2716"]
[BlackElo "2784"]
[EventDate "2020.06.25"]
[WhiteTitle "GM"]
[BlackTitle "GM"]
[WhiteFideId "24101605"]
[BlackFideId "4168119"]

1.b3 e5 2.Bb2 Nc6 3.e3 Nf6 4.Bb5 Bd6 5.Na3 Na5 6.Be2 a6 7.c4 c5 8.Nc2 Nc6 
9.d4 cxd4 10.exd4 Nxd4 11.Nxd4 Bb4+ 12.Kf1 exd4 13.Qxd4 O-O 14.Bf3 d5 15.
Bxd5 Qc7 16.Ne2 Re8 17.Bf3 Bf5 18.Qf4 Qd7 19.Bxf6 gxf6 20.Ng3 Bb1 21.Kg1 
Re1+ 22.Nf1 Qd3 23.Qg4+ Kh8 24.Be2 Rxe2 25.Rxb1 Bc5 26.h4 Rxf2 27.Re1 Rf4+
0-1

[Event "Chessable Masters Final 8"]
[Site "chess24.com INT"]
[Date "2020.06.28"]
[Round "1.24"]
[White "Grischuk, A"]
[Black "Giri, A"]
[Result "0-1"]
[WhiteElo "2777"]
[BlackElo "2764"]
[EventDate "2020.06.25"]
[WhiteTitle "GM"]
[BlackTitle "GM"]
[WhiteFideId "4126025"]
[BlackFideId "24116068"]

1.e4 e5 2.Nf3 Nc6 3.Bc4 Bc5 4.c3 Nf6 5.d3 d6 6.Bg5 h6 7.Bh4 a5 8.Nbd2 Ba7 
9.h3 g5 10.Bg3 O-O 11.Qe2 Kg7 12.O-O-O Bd7 13.Bb5 Qe7 14.Bh2 a4 15.a3 Nb8 
16.d4 exd4 17.cxd4 Nc6 18.e5 dxe5 19.dxe5 Nd5 20.Ne4 Be6 21.Rhe1 Rfd8 22.
Qc2 Ncb4 23.axb4 Nxb4 24.Rxd8 Nxc2 25.Rxa8 Nxe1 26.Nxe1 Qb4 27.Nd3 Qxe4 
28.Rxa7 c6 29.Rxa4 Qxg2 0-1

[Event "Chessable Masters Final 8"]
[Site "chess24.com INT"]
[Date "2020.07.01"]
[Round "2.21"]
[White "Giri, A"]
[Black "Nepomniachtchi, I"]
[Result "1/2-1/2"]
[WhiteElo "2764"]
[BlackElo "2784"]
[EventDate "2020.06.25"]
[WhiteTitle "GM"]
[BlackTitle "GM"]
[WhiteFideId "24116068"]
[BlackFideId "4168119"]

1.d4 Nf6 2.c4 e6 3.Nf3 d5 4.Nc3 c5 5.cxd5 Nxd5 6.e4 Nxc3 7.bxc3 cxd4 8.
cxd4 Bb4+ 9.Bd2 Bxd2+ 10.Qxd2 O-O 11.Rd1 b6 12.Bd3 Bb7 13.O-O Nd7 14.Qe3 
Rc8 15.e5 h6 16.Nd2 Qg5 17.Qh3 Qf4 18.Nc4 Rc7 19.Nd6 Bd5 20.Qe3 Qg5 21.
Qxg5 hxg5 22.Rc1 Rxc1 23.Rxc1 Bxa2 24.Ra1 Bd5 25.Rxa7 Nb8 26.Bb5 Nc6 27.
Bxc6 Bxc6 28.Rc7 Bd5 29.f3 f6 30.exf6 Rxf6 31.Nc8 b5 32.Rc5 Bc4 33.Nd6 g4 
34.Nxc4 bxc4 35.fxg4 Rf4 36.Rxc4 Rxg4 37.Kf2 Kf7 38.g3 Re4 39.Kf3 Re1 40.
Rc2 Rd1 41.Ke3 g5 42.Rd2 Rh1 43.Kf3 Kg6 44.Re2 Kf5 45.Re5+ Kf6 46.Re2 Kf5 
47.g4+ Kf6 48.Ke3 Rg1 49.Rf2+ Kg6 50.h3 Re1+ 51.Kd3 Rd1+ 52.Ke3 Re1+ 53.
Kd2 Ra1 54.Rf3 Ra5 55.Re3 Kf6 56.Kd3 Ra1 57.Ke4 Rh1 58.Rf3+ Ke7 59.Ra3 Kf6
60.Re3 Rh2 61.Rf3+ Ke7 62.Ra3 Kf6 63.Rf3+ Ke7 64.d5 Ra2 65.Rb3 Re2+ 66.Kf3
Rd2 67.dxe6 Kxe6 68.Ke4 Re2+ 69.Kf3 Rh2 70.Kg3 Ra2 71.Rf3 Ra1 72.Kg2 Ra2+ 
73.Rf2 Ra5 74.h4 Ra4 75.hxg5 1/2-1/2

[Event "Chessable Masters Final 8"]
[Site "chess24.com INT"]
[Date "2020.06.26"]
[Round "1.13"]
[White "Grischuk, A"]
[Black "Giri, A"]
[Result "1/2-1/2"]
[WhiteElo "2777"]
[BlackElo "2764"]
[EventDate "2020.06.25"]
[WhiteTitle "GM"]
[BlackTitle "GM"]
[WhiteFideId "4126025"]
[BlackFideId "24116068"]

1.c4 e5 2.d3 Bb4+ 3.Nd2 c5 4.g3 Nc6 5.Bg2 Nge7 6.Nf3 O-O 7.O-O d6 8.Nb3 
Na5 9.Nfd2 Bxd2 10.Nxd2 Nac6 11.b3 Be6 12.Bb2 Qd7 13.Ne4 b6 14.Ng5 Bg4 15.
h3 Bh5 16.g4 Bg6 17.f4 f6 18.Nf3 exf4 19.Qd2 Qe6 20.Nh4 Qe3+ 21.Qxe3 fxe3 
22.Rf3 Bf7 23.Rxe3 d5 24.Nf5 Nxf5 25.gxf5 Rad8 26.Kf2 Rd7 27.Rf1 Rc8 28.
Rg3 Kf8 29.Rg1 Ne7 30.Rf3 dxc4 31.bxc4 a6 32.a4 b5 33.axb5 axb5 34.cxb5 
Rb7 35.Rc1 Rxb5 36.Ba3 Ke8 37.Rf4 Ra5 38.Bb2 c4 39.dxc4 Rac5 40.Ba3 Rxc4 
41.Rcxc4 Rxc4 42.Rxc4 Bxc4 1/2-1/2

[Event "Chessable Masters Final 8"]
[Site "chess24.com INT"]
[Date "2020.07.04"]
[Round "3.21"]
[White "Carlsen, M"]
[Black "Giri, A"]
[Result "1-0"]
[WhiteElo "2863"]
[BlackElo "2764"]
[EventDate "2020.06.25"]
[WhiteTitle "GM"]
[BlackTitle "GM"]
[WhiteFideId "1503014"]
[BlackFideId "24116068"]

1.d4 Nf6 2.c4 e6 3.Nf3 d5 4.Nc3 c5 5.cxd5 Nxd5 6.e4 Nxc3 7.bxc3 cxd4 8.
cxd4 Bb4+ 9.Bd2 Bxd2+ 10.Qxd2 O-O 11.Bc4 Nd7 12.O-O b6 13.Rad1 Bb7 14.Rfe1
Rc8 15.Bb3 Re8 16.Re3 Nf6 17.d5 exd5 18.e5 Ne4 19.Qe1 Qc7 20.Nd4 a6 21.h4 
Rcd8 22.f3 Nc5 23.h5 Ne6 24.Nf5 d4 25.Red3 Nc5 26.Rxd4 Rxd4 27.Rxd4 Nxb3 
28.Qg3 g6 29.axb3 Rd8 30.e6 Qc1+ 31.Kh2 Rxd4 32.e7 Qc8 33.Qe5 Rh4+ 34.Kg3 
1-0

[Event "Chessable Masters Final 8"]
[Site "chess24.com INT"]
[Date "2020.06.27"]
[Round "1.22"]
[White "Nepomniachtchi, I"]
[Black "Artemiev, V"]
[Result "1-0"]
[WhiteElo "2784"]
[BlackElo "2716"]
[EventDate "2020.06.25"]
[WhiteTitle "GM"]
[BlackTitle "GM"]
[WhiteFideId "4168119"]
[BlackFideId "24101605"]

1.e4 e5 2.Nf3 Nc6 3.Bb5 f5 4.d3 fxe4 5.dxe4 Nf6 6.O-O d6 7.Nc3 Be7 8.a4 
Bg4 9.Qd3 O-O 10.Bc4+ Kh8 11.Ng5 Qe8 12.Ne6 Nb4 13.Qd2 Qf7 14.Nb5 Na6 15.
Nexc7 Qxc4 16.Nxa8 Rxa8 17.b3 Qc6 18.f3 Be6 19.c4 Nc5 20.Rb1 a6 21.Nc3 
Nxb3 22.Rxb3 Bxc4 23.Qb2 Qc5+ 24.Rf2 Bxb3 25.Qxb3 Rc8 26.Bd2 Bd8 27.Nd1 d5
28.Qxb7 Bb6 29.a5 Ba7 30.Be3 d4 31.Bg5 Rb8 32.Qxa6 Rb1 33.Rf1 Nh5 34.Nf2 
Rxf1+ 35.Kxf1 d3 36.Be3 Qc3 37.g3 Bxe3 38.Qa8+ 1-0

[Event "Chessable Masters Final 8"]
[Site "chess24.com INT"]
[Date "2020.07.03"]
[Round "3.16"]
[White "Carlsen, M"]
[Black "Giri, A"]
[Result "1-0"]
[WhiteElo "2863"]
[BlackElo "2764"]
[EventDate "2020.06.25"]
[WhiteTitle "GM"]
[BlackTitle "GM"]
[WhiteFideId "1503014"]
[BlackFideId "24116068"]

1.d4 Nf6 2.c4 e6 3.Nc3 Bb4 4.a3 Bxc3+ 5.bxc3 c5 6.e3 Nc6 7.Bd3 d6 8.Ne2 e5
9.Ng3 h5 10.h4 Qe7 11.d5 Nb8 12.e4 Bg4 13.f3 Bc8 14.Bg5 Qc7 15.Bxf6 gxf6 
16.O-O Nd7 17.f4 exf4 18.Nxh5 Ne5 19.Nxf6+ Kd8 20.Rxf4 Ng6 21.Qf3 Qe7 22.
h5 Nxf4 23.Qxf4 Qe5 24.Qxe5 dxe5 25.g4 a5 26.g5 Ra6 27.Rb1 Rxf6 28.gxf6 
Rxh5 29.Rb5 Rh3 30.Be2 Rxc3 31.Rxa5 Re3 32.Bh5 Rxe4 33.Ra8 Kc7 34.d6+ Kd7 
35.Bxf7 Rg4+ 36.Kh2 Rf4 37.Kg3 Rxf6 38.Bh5 Rf4 39.Bg4+ Kxd6 40.Bxc8 Rxc4 
41.Bxb7 Rc3+ 42.Kg4 c4 43.Be4 Rc1 44.Ra5 Rf1 45.Kg3 Rf4 46.Bf3 Rd4 47.Kf2 
Rd3 48.Be4 Rb3 49.Ke2 Rb2+ 50.Ke3 Rb3+ 51.Kd2 Kc7 52.a4 Kb6 53.Rxe5 Rb4 
54.Bc2 1-0

[Event "Chessable Masters Final 8"]
[Site "chess24.com INT"]
[Date "2020.07.03"]
[Round "3.14"]
[White "Carlsen, M"]
[Black "Giri, A"]
[Result "0-1"]
[WhiteElo "2863"]
[BlackElo "2764"]
[EventDate "2020.06.25"]
[WhiteTitle "GM"]
[BlackTitle "GM"]
[WhiteFideId "1503014"]
[BlackFideId "24116068"]

1.e4 c5 2.Nf3 d6 3.Bb5+ Nd7 4.a4 Nf6 5.Nc3 g6 6.a5 Bg7 7.O-O a6 8.Be2 O-O 
9.Re1 b5 10.axb6 Bb7 11.d3 Nxb6 12.e5 Nfd5 13.Nxd5 Nxd5 14.exd6 exd6 15.c3
Re8 16.Bd2 Qb6 17.Qc2 a5 18.h3 Bc6 19.d4 cxd4 20.Nxd4 Nb4 21.cxb4 Bxd4 22.
bxa5 Bxf2+ 23.Kf1 Qd4 24.Qxc6 Bxe1 25.Bxe1 Qxb2 26.Bf3 0-1

[Event "Chessable Masters Final 8"]
[Site "chess24.com INT"]
[Date "2020.07.03"]
[Round "3.13"]
[White "Giri, A"]
[Black "Carlsen, M"]
[Result "1/2-1/2"]
[WhiteElo "2764"]
[BlackElo "2863"]
[EventDate "2020.06.25"]
[WhiteTitle "GM"]
[BlackTitle "GM"]
[WhiteFideId "24116068"]
[BlackFideId "1503014"]

1.d4 d5 2.c4 e6 3.Nf3 Nf6 4.Nc3 c6 5.e3 Nbd7 6.Qc2 Bd6 7.b3 O-O 8.Be2 e5 
9.cxd5 cxd5 10.Nb5 Bb4+ 11.Bd2 Bxd2+ 12.Nxd2 a6 13.dxe5 Nxe5 14.Nd4 Bg4 
15.Bxg4 Nfxg4 16.O-O Rc8 17.Qf5 Qe7 18.N2f3 g6 19.Qf4 Nxf3+ 20.Qxf3 Nf6 
21.Rfc1 Ne4 22.Qd1 Qf6 23.Qe2 Rfd8 24.h3 h5 25.Rc2 Rxc2 26.Qxc2 Nd6 27.Rc1
Rc8 28.Qd1 Rxc1 29.Qxc1 Kg7 30.Qc7 Nb5 31.Nxb5 axb5 32.g3 Qf5 33.h4 Qb1+ 
34.Kg2 Qe4+ 35.Kg1 Qb1+ 36.Kg2 Qe4+ 37.Kg1 Qb1+ 1/2-1/2

[Event "Chessable Masters Final 8"]
[Site "chess24.com INT"]
[Date "2020.07.03"]
[Round "3.12"]
[White "Carlsen, M"]
[Black "Giri, A"]
[Result "1-0"]
[WhiteElo "2863"]
[BlackElo "2764"]
[EventDate "2020.06.25"]
[WhiteTitle "GM"]
[BlackTitle "GM"]
[WhiteFideId "1503014"]
[BlackFideId "24116068"]

1.e4 e5 2.Nf3 Nc6 3.Bb5 Nf6 4.d3 Bc5 5.Bxc6 dxc6 6.Nc3 Qe7 7.h3 b6 8.a3 h6
9.Qe2 Bd7 10.Be3 Bxe3 11.fxe3 O-O-O 12.Qf2 Ne8 13.Qg3 f6 14.Nh4 Rg8 15.Nf5
Bxf5 16.exf5 Nd6 17.e4 Qf7 18.Qf2 g6 19.fxg6 Qxg6 20.g4 h5 21.O-O-O hxg4 
22.hxg4 Qxg4 23.Qxf6 Qg5+ 24.Qxg5 Rxg5 25.a4 a5 26.Rdg1 Rdg8 27.Rxg5 Rxg5 
28.Nb1 b5 29.Nd2 Rg3 30.b3 bxa4 31.bxa4 c5 32.Nf1 Rf3 33.Kd1 c4 34.Ke2 Rf7
35.Nd2 Rg7 36.Kf3 Kd7 37.Rh5 Rg1 38.Rxe5 Rc1 39.Nxc4 Nxc4 40.dxc4 Rxc2 41.
Rxa5 Rxc4 42.Rd5+ Ke6 43.a5 Rc1 44.Rd8 Rf1+ 45.Ke2 Ra1 46.Ra8 Kd6 47.a6 
Kc6 48.Ke3 Re1+ 49.Kf4 Kb6 50.e5 c5 51.Rc8 Rf1+ 52.Kg5 Rg1+ 53.Kf6 Rf1+ 
54.Ke7 Rc1 55.e6 c4 56.Kd7 Rd1+ 57.Ke8 Rc1 58.e7 c3 59.Kf7 Rf1+ 60.Kg6 
Rg1+ 61.Kf5 Rf1+ 62.Kg4 1-0

[Event "Chessable Masters Final 8"]
[Site "chess24.com INT"]
[Date "2020.07.02"]
[Round "2.36"]
[White "Giri, A"]
[Black "Nepomniachtchi, I"]
[Result "1-0"]
[WhiteElo "2764"]
[BlackElo "2784"]
[EventDate "2020.06.25"]
[WhiteTitle "GM"]
[BlackTitle "GM"]
[WhiteFideId "24116068"]
[BlackFideId "4168119"]

1.d4 Nf6 2.Nf3 g6 3.g3 Bg7 4.Bg2 d5 5.O-O O-O 6.c4 c6 7.Qb3 Qb6 8.Nc3 Rd8 
9.Bd2 dxc4 10.Qxc4 Be6 11.Qa4 Bf5 12.Rfc1 Nbd7 13.b4 Ne4 14.e3 Nxc3 15.
Bxc3 Be4 16.Qb3 Bd5 17.Qc2 Nf6 18.Ne5 Bxg2 19.Kxg2 Nd5 20.Nd3 Qc7 21.a4 
Rac8 22.Rab1 h5 23.h3 h4 24.gxh4 Bf6 25.h5 g5 26.Nc5 Kg7 27.Ne4 Rh8 28.Qe2
Rh6 29.b5 Rch8 30.Ng3 e6 31.Bd2 Be7 32.bxc6 bxc6 33.Qa6 Qd8 34.Qxc6 Nf6 
35.Rb7 Nxh5 36.Rd7 Qf8 37.d5 Nxg3 38.fxg3 Rxh3 39.Bc3+ Kg6 40.Bxh8 Qxh8 
41.dxe6 Rh2+ 42.Kg1 f5 43.Rxe7 Qh3 44.Qe8+ Kf6 45.Rf7+ Ke5 46.Rc5+ Ke4 47.
Qc6+ Kxe3 48.Re5+ 1-0

[Event "Chessable Masters Final 8"]
[Site "chess24.com INT"]
[Date "2020.07.02"]
[Round "2.34"]
[White "Giri, A"]
[Black "Nepomniachtchi, I"]
[Result "1/2-1/2"]
[WhiteElo "2764"]
[BlackElo "2784"]
[EventDate "2020.06.25"]
[WhiteTitle "GM"]
[BlackTitle "GM"]
[WhiteFideId "24116068"]
[BlackFideId "4168119"]

1.d4 Nf6 2.Nf3 e6 3.Bf4 c5 4.e3 Be7 5.dxc5 Bxc5 6.Nbd2 d5 7.Bd3 Nc6 8.O-O 
O-O 9.c4 b6 10.Qe2 Bb7 11.Rad1 h6 12.cxd5 Nxd5 13.Bg3 Bd6 14.Nc4 Bxg3 15.
hxg3 b5 16.Ncd2 a6 17.e4 Nde7 18.Qe3 Qc7 19.Bb1 Rad8 20.Nb3 Na5 21.Nxa5 
Qxa5 22.Ne5 Qc7 23.Nd3 Nc6 24.Nc5 Ne5 25.b4 Nd7 26.Nb3 Nb6 27.Qc5 Rc8 28.
Qxc7 Rxc7 29.Nc5 Na4 30.Nxa4 bxa4 31.Rd6 Rfc8 32.Bd3 Rc6 33.Rxc6 Rxc6 34.
Rd1 Kf8 35.f3 Rb6 36.a3 Rc6 37.Be2 Ke7 38.b5 Rb6 39.bxa6 Bxa6 40.Bxa6 Rxa6
41.Rd4 h5 42.Kh2 Kf6 43.Rb4 g5 44.Kh3 1/2-1/2

[Event "Chessable Masters Final 8"]
[Site "chess24.com INT"]
[Date "2020.07.02"]
[Round "2.32"]
[White "Giri, A"]
[Black "Nepomniachtchi, I"]
[Result "1-0"]
[WhiteElo "2764"]
[BlackElo "2784"]
[EventDate "2020.06.25"]
[WhiteTitle "GM"]
[BlackTitle "GM"]
[WhiteFideId "24116068"]
[BlackFideId "4168119"]

1.Nf3 Nf6 2.d4 d5 3.Bf4 c5 4.e3 cxd4 5.exd4 Qb6 6.Nbd2 Nc6 7.Nb3 Bg4 8.a4 
Bxf3 9.Qxf3 e6 10.Qd1 a6 11.c3 Ne4 12.a5 Qd8 13.Bd3 Bd6 14.Qf3 Bxf4 15.
Qxf4 Nf6 16.O-O O-O 17.Rfe1 Re8 18.Re2 Rb8 19.h3 Nd7 20.Qd6 Qe7 21.Qxe7 
Nxe7 22.f4 h5 23.g4 hxg4 24.hxg4 g6 25.Rae1 Nf6 26.f5 gxf5 27.gxf5 Nxf5 
28.Rf1 Ne4 29.Bxe4 dxe4 30.Nc5 Kf8 31.Nxe4 Ke7 32.Kf2 Rh8 33.Ke1 Rbg8 34.
d5 Rh6 35.Rf4 Rh1+ 36.Kd2 Rd8 37.Rxf5 exf5 38.Nf2+ Kf6 39.Nxh1 Rxd5+ 40.
Ke3 Rxa5 41.Nf2 Ra4 42.b4 a5 43.Nd3 axb4 44.cxb4 Ra6 45.Nc5 Rd6 46.Rd2 f4+
47.Kxf4 Rc6 48.Ke4 b6 49.Kd5 Rc7 50.Rf2+ Ke7 51.Re2+ Kd8 52.Ne4 Re7 53.Rf2
Kc7 54.Nd6 1-0

[Event "Chessable Masters Final 8"]
[Site "chess24.com INT"]
[Date "2020.07.02"]
[Round "2.31"]
[White "Nepomniachtchi, I"]
[Black "Giri, A"]
[Result "1-0"]
[WhiteElo "2784"]
[BlackElo "2764"]
[EventDate "2020.06.25"]
[WhiteTitle "GM"]
[BlackTitle "GM"]
[WhiteFideId "4168119"]
[BlackFideId "24116068"]

1.Nf3 d5 2.e3 Nf6 3.c4 e6 4.Nc3 dxc4 5.Bxc4 c5 6.d4 a6 7.e4 cxd4 8.Nxd4 
Bd6 9.Be3 O-O 10.Rc1 b5 11.Bb3 Bb7 12.Bxe6 Nxe4 13.Nxe4 Bxe4 14.Qg4 Bg6 
15.Bf5 Qa5+ 16.Kf1 Be5 17.Bxg6 hxg6 18.h4 Qxa2 19.h5 Qd5 20.hxg6 fxg6 21.
Ne6 Re8 22.Ng5 Bf6 23.Kg1 Bxg5 24.Bxg5 Nc6 25.Be3 Ne5 26.Qh3 Nc4 27.Qh7+ 
Kf7 28.Bh6 Qe5 29.Rh3 Rg8 30.Rf3+ Ke7 31.Rxc4 Rh8 32.Qxg7+ Qxg7 33.Re4+ 
1-0

[Event "Chessable Masters Final 8"]
[Site "chess24.com INT"]
[Date "2020.07.01"]
[Round "2.23"]
[White "Ding Liren"]
[Black "Carlsen, M"]
[Result "0-1"]
[WhiteElo "2791"]
[BlackElo "2863"]
[EventDate "2020.06.25"]
[WhiteTitle "GM"]
[BlackTitle "GM"]
[WhiteFideId "8603677"]
[BlackFideId "1503014"]

1.c4 e5 2.g3 d5 3.cxd5 Qxd5 4.Nf3 Nc6 5.Nc3 Qd8 6.Bg2 Nf6 7.O-O h6 8.d3 
Bd6 9.a3 a5 10.b3 O-O 11.Bb2 Re8 12.Rc1 Bf5 13.h3 Qd7 14.Kh2 Nd4 15.Nd2 c6
16.e3 Nb5 17.Nxb5 cxb5 18.Nf3 Rad8 19.e4 Be6 20.Bxe5 Bxe5 21.Nxe5 Qd6 22.
f4 Qxa3 23.d4 Bxb3 24.Qd3 Qb4 25.d5 Rc8 26.d6 Rcd8 27.d7 Nxd7 28.Nxd7 Bc4 
29.Qd1 Qe7 0-1

[Event "Chessable Masters Final 8"]
[Site "chess24.com INT"]
[Date "2020.06.30"]
[Round "2.12"]
[White "Giri, A"]
[Black "Nepomniachtchi, I"]
[Result "1-0"]
[WhiteElo "2764"]
[BlackElo "2784"]
[EventDate "2020.06.25"]
[WhiteTitle "GM"]
[BlackTitle "GM"]
[WhiteFideId "24116068"]
[BlackFideId "4168119"]

1.d4 Nf6 2.c4 e6 3.Nf3 d5 4.Nc3 c5 5.cxd5 Nxd5 6.e4 Nxc3 7.bxc3 cxd4 8.
cxd4 Bb4+ 9.Bd2 Bxd2+ 10.Qxd2 O-O 11.Bc4 Nd7 12.O-O b6 13.d5 Nc5 14.Rfe1 
exd5 15.exd5 Qd6 16.Qd4 Bb7 17.Rad1 Rae8 18.Ne5 a6 19.a3 Re7 20.Re3 Rfe8 
21.Nxf7 Kxf7 22.Re6 Qd8 23.Qf4+ Kg8 24.Rxe7 Rxe7 25.d6+ Re6 26.d7 g6 27.
Rd6 1-0

[Event "Chessable Masters Final 8"]
[Site "chess24.com INT"]
[Date "2020.07.01"]
[Round "2.22"]
[White "Nepomniachtchi, I"]
[Black "Giri, A"]
[Result "1-0"]
[WhiteElo "2784"]
[BlackElo "2764"]
[EventDate "2020.06.25"]
[WhiteTitle "GM"]
[BlackTitle "GM"]
[WhiteFideId "4168119"]
[BlackFideId "24116068"]

1.Nf3 d5 2.e3 Nf6 3.c4 e6 4.b3 c5 5.Bb2 Nc6 6.cxd5 exd5 7.Be2 d4 8.exd4 
Nxd4 9.O-O Be7 10.Nxd4 cxd4 11.Bf3 O-O 12.Re1 Rb8 13.Na3 b5 14.Qe2 Re8 15.
Qd3 Bxa3 16.Bxa3 Bb7 17.Rxe8+ Qxe8 18.Bc5 Bxf3 19.Qxf3 Qe5 20.Bxa7 Re8 21.
h3 h6 22.Rc1 Qd6 23.Bc5 Qd7 24.Qd3 Ne4 25.Bb6 Qd6 26.Qxd4 Qxd4 27.Bxd4 
Nxd2 28.f3 Re2 29.Bc3 Kh7 30.Rd1 Nxf3+ 31.gxf3 Re3 32.Be1 Rxf3 33.Rd5 Re3 
34.Kf1 Rf3+ 35.Bf2 b4 36.Rd4 Rxh3 37.Rxb4 g5 38.a4 Rh1+ 39.Bg1 1-0

[Event "Chessable Masters Final 8"]
[Site "chess24.com INT"]
[Date "2020.07.01"]
[Round "2.22"]
[White "Carlsen, M"]
[Black "Ding Liren"]
[Result "1/2-1/2"]
[WhiteElo "2863"]
[BlackElo "2791"]
[EventDate "2020.06.25"]
[WhiteTitle "GM"]
[BlackTitle "GM"]
[WhiteFideId "1503014"]
[BlackFideId "8603677"]

1.Nf3 d5 2.d4 Nf6 3.c4 e6 4.Nc3 Bb4 5.Qa4+ Nc6 6.e3 O-O 7.Qc2 Re8 8.Bd2 
Bf8 9.Be2 dxc4 10.Bxc4 Nb4 11.Qb1 b6 12.O-O Bb7 13.Rd1 Qc8 14.a3 Nbd5 15.
Bd3 c5 16.dxc5 Qxc5 17.Nxd5 Qxd5 18.Bc3 Qh5 19.Bxf6 Bxf3 20.gxf3 gxf6 21.
f4 f5 22.Bf1 Bg7 23.Bg2 Rac8 24.Rd2 Red8 25.Rxd8+ Rxd8 26.Qc2 Bxb2 27.Qxb2
Rd1+ 28.Rxd1 Qxd1+ 29.Bf1 Qg4+ 30.Bg2 Qd1+ 31.Bf1 Qg4+ 32.Kh1 Qf3+ 33.Kg1 
Qg4+ 1/2-1/2

[Event "Chessable Masters Final 8"]
[Site "chess24.com INT"]
[Date "2020.06.30"]
[Round "2.16"]
[White "Ding Liren"]
[Black "Carlsen, M"]
[Result "0-1"]
[WhiteElo "2791"]
[BlackElo "2863"]
[EventDate "2020.06.25"]
[WhiteTitle "GM"]
[BlackTitle "GM"]
[WhiteFideId "8603677"]
[BlackFideId "1503014"]

1.c4 e5 2.g3 Nf6 3.Bg2 Bc5 4.d3 O-O 5.Nc3 h6 6.Nf3 Re8 7.O-O d6 8.d4 exd4 
9.Nxd4 c6 10.b3 a5 11.Bb2 Na6 12.Qd2 Qe7 13.Rad1 Bd7 14.h3 Bb6 15.e4 Nc5 
16.Rfe1 Rad8 17.Kh2 Bc8 18.Nf5 Bxf5 19.exf5 Qc7 20.Rxe8+ Nxe8 21.Ne2 Nd7 
22.Nf4 Ndf6 23.Qc2 Qe7 24.Rd2 Rd7 25.Bf3 Qd8 26.Qd1 Bc7 27.Nd3 Re7 28.Kg2 
Qc8 29.g4 Nh7 30.Re2 Qd8 31.Rxe7 Qxe7 32.Qe2 Qd8 33.Kg1 Nef6 34.Bg2 Nf8 
35.Bd4 N8d7 36.Qe3 Bb6 37.Bxb6 Qxb6 38.Qxb6 Nxb6 39.f4 Nfd7 40.Kf2 Kf8 41.
g5 f6 42.h4 Nc5 43.Ke3 Nxd3 44.Kxd3 Ke7 45.Kd4 Na8 46.Be4 Nc7 47.a3 Kd7 
48.b4 axb4 49.axb4 b5 50.c5 Na6 51.cxd6 Kxd6 52.Kc3 c5 53.bxc5+ Kxc5 54.
Bc2 Nb4 55.Bb3 Nd5+ 0-1